000 01286nam a2200301 i 4500
003 DO-SdBNP
005 20231107084130.0
006 a||||dr|||| 00| 0
007 ta
008 231101b200? dr ab||| |||| 00| 0 spa d
040 _aDO-SdBNP
_bspa
_cBNPHU
_erda
082 4 _222
_bC117s
100 1 _aCabrera Argentina,
_984303
_eautora
245 1 0 _aCuaderno de trabajo sociales 2000, 3 :
_btercer grado de la educación básica. /
_cArgentina Cabrera, José Mercedes Zarzuela Bidó: ilustración, Stalin Núñez, Julio César Martínez
246 1 4 _aSociales 2000, 3 :
_beducación básica. cuaderno de trabajo
264 1 _aSanto Domingo :
_bSusaeta,
_c[199?]
300 _a72 páginas :
_bIlustraciones, mapas ;
_c26 cm.
336 _2rdacontent
_atexto
_btxt
337 _2rdamedia
_asin mediación
_bn
338 _2rdacarrier
_avolumen
_bnc
490 _aEducación sin frontera
505 _aUnidad 1.
_tFormas de orientación dentro del espacio territorial.--
_gUnidad 2.
_tComo persona formo parte de una familia.--
_gUnidad 3.
_tOrigen de nuestro pueblo.--
590 _aInventariado 2023 / MF
700 1 _aZarzuela Bidó, José M.,
_984303
_eautor
700 1 _aNúñez, Stalin,
_931177
_eilustrador
700 1 _aMartínez, Julio César,
_91263
_eilustrador
942 _2ddc
_cLBS1
999 _c55358
_d55358